Konferencia Ochrana pred povodňami

Smernica Európskeho parlamentu a Rady o hodnotení a manažmente povodňových rizík (Protipovodńová smernica), jej výhody a nevýhody. Smernica by mala vstúpiť do platnosti v roku 2007. Medzinárodná konferencia Ochrana pred povodňami (4.-7.12.2006, Vysoké Tatry), závery a odporúčania konferencie.

Gespeichert in:
Bibliographische Detailangaben
1. Verfasser: Šimková, Tatiana
Format: Buchkapitel
Sprache:Slowakisch
Schlagworte:
Tags: Tag hinzufügen
Keine Tags, Fügen Sie das erste Tag hinzu!

MARC

LEADER 00000naa$a2200000$$$4500
001 0057104
005 20120904144256.2
041 0 |a slo 
044 |a SK 
245 1 0 |a Konferencia Ochrana pred povodňami  |c Tatiana Šimková 
520 |a Smernica Európskeho parlamentu a Rady o hodnotení a manažmente povodňových rizík (Protipovodńová smernica), jej výhody a nevýhody. Smernica by mala vstúpiť do platnosti v roku 2007. Medzinárodná konferencia Ochrana pred povodňami (4.-7.12.2006, Vysoké Tatry), závery a odporúčania konferencie. 
610 2 0 |a povodne 
610 2 0 |a riadenie rizík 
610 2 0 |a smernice 
610 2 0 |a konferencie 
610 2 0 |a Slovensko 
100 1 |a Šimková, Tatiana